[Event "BEL FEFB-ch op"]
[Site "Fontaine l'Eveque"]
[Date "2010.05.16"]
[Round "7"]
[White "Giansante, Peppino"]
[Black "De Smet, Karl B"]
[Result "1-0"]
[WhiteElo "1559"]
[BlackElo "1601"]
[PlyCount "67"]
[EventDate "2010.05.12"]
[EventType "swiss"]
[EventRounds "7"]
[EventCountry "BEL"]
[SourceTitle "EXT 2019"]
[Source "ChessBase"]
[SourceDate "2018.10.10"]
[SourceVersion "1"]
[SourceVersionDate "2018.10.10"]
[SourceQuality "1"]

1. e4 Nc6 2. d4 e6 3. Be3 b6 4. c4 Bb4+ 5. Nc3 Nf6 6. Bd3 Bb7 7. a3 Bxc3+ 8. bxc3 0-0 9. e5 Ne8 10. Qh5 g6 11. Qh3 Ng7 12. Nf3 f6 13. exf6 Qxf6 14. Bg5 Qf7 15. 0-0 d6 16. Bh6 Qf6 17. Ng5 Nh5 18. Bxf8 Qxg5 19. Bxd6 cxd6 20. Qxe6+ Kg7 21. Be4 Nf6 22. Bf3 Re8 23. Qxd6 Ne4 24. Bxe4 Rxe4 25. Rae1 Na5 26. d5 Rxc4 27. Re5 Qd2 28. Qe7+ Kg8 29. Qe8+ Kg7 30. Re7+ Kh6 31. Qf8+ Kg5 32. Re5+ Kh4 33. Qf6+ g5 34. Qh6+ 1-0

[Event "BEL FEFB-ch op"]
[Site "Fontaine l'Eveque"]
[Date "2010.05.12"]
[Round "1"]
[White "Giansante, Peppino"]
[Black "Baudoin, Olivier"]
[Result "0-1"]
[WhiteElo "1559"]
[BlackElo "1976"]
[PlyCount "85"]
[EventDate "2010.05.12"]
[EventType "swiss"]
[EventRounds "7"]
[EventCountry "BEL"]
[SourceTitle "EXT 2019"]
[Source "ChessBase"]
[SourceDate "2018.10.10"]
[SourceVersion "1"]
[SourceVersionDate "2018.10.10"]
[SourceQuality "1"]

1. e4 c5 2. Nf3 Nc6 3. d4 cxd4 4. Nxd4 Nf6 5. Nc3 e5 6. Ndb5 d6 7. Bg5 a6 8. Na3 Be6 9. Bxf6 Qxf6 10. Nd5 Bxd5 11. Qxd5 Be7 12. c3 0-0 13. Bd3 Qe6 14. Bc4 Qd7 15. 0-0 Kh8 16. f4 f5 17. fxe5 Nxe5 18. exf5 Bg5 19. Rad1 Rxf5 20. Qe6 Qxe6 21. Bxe6 Rxf1+ 22. Rxf1 Be3+ 23. Kh1 Re8 24. Nc4 Nxc4 25. Bxc4 g5 26. g3 b5 27. Bd5 Bb6 28. Bf3 Kg7 29. Kg2 Re5 30. Rd1 Re6 31. Rd2 Kg6 32. Re2 Rf6 33. Bb7 a5 34. Bc6 b4 35. cxb4 axb4 36. a4 g4 37. b3 h5 38. Re4 Kg5 39. a5 Ba7 40. a6 h4 41. Rd4 d5 42. Rxd5+ Kh6 43. Bb7 0-1

[Event "BEL FEFB-ch op"]
[Site "Fontaine l'Eveque"]
[Date "2009.06.01"]
[Round "7"]
[White "Giansante, Peppino"]
[Black "Charlier, Pascal"]
[Result "1-0"]
[WhiteElo "1605"]
[BlackElo "1591"]
[PlyCount "55"]
[EventDate "2009.05.29"]
[EventType "swiss"]
[EventRounds "7"]
[EventCountry "BEL"]
[SourceTitle "EXT 2012"]
[Source "ChessBase"]
[SourceDate "2011.11.24"]
[SourceVersion "1"]
[SourceVersionDate "2011.11.24"]
[SourceQuality "1"]

1. e4 c6 2. d4 d5 3. e5 Bf5 4. Bd3 Bxd3 5. Qxd3 e6 6. f4 Ne7 7. Nf3 Nd7 8. 0-0 Nf5 9. c3 Qb6 10. g4 Ne7 11. f5 exf5 12. gxf5 g6 13. e6 fxe6 14. fxe6 Nf6 15. Bg5 Bg7 16. Ne5 Nf5 17. b4 0-0 18. Bxf6 Bxf6 19. Nd7 Qc7 20. Nxf8 Rxf8 21. Nd2 Bg5 22. Rae1 Bh4 23. Re2 Qe7 24. Nf3 Bf6 25. a4 Kh8 26. Ne5 Kg7 27. Nd7 Bg5 28. Nxf8 1-0

[Event "Hainaut-ch"]
[Site "Manage"]
[Date "2008.08.23"]
[Round "4.14"]
[White "Remy, Joel"]
[Black "Giansante, Peppino"]
[Result "1-0"]
[WhiteElo "2064"]
[BlackElo "1613"]
[PlyCount "75"]
[EventDate "2008.08.23"]
[EventType "swiss"]
[EventRounds "9"]
[EventCountry "BEL"]
[SourceTitle "EXT 2024"]
[Source "ChessBase"]
[SourceDate "2023.10.10"]
[SourceVersion "1"]
[SourceVersionDate "2023.10.10"]
[SourceQuality "1"]

1. d4 Nf6 2. c4 e6 3. Nc3 d5 4. Bg5 Be7 5. Nf3 Nbd7 6. e3 b6 7. Ne5 0-0 8. Nc6 Qe8 9. Nxe7+ Qxe7 10. cxd5 e5 11. Be2 Qb4 12. dxe5 Ne4 13. Be7 Qxe7 14. Nxe4 Qxe5 15. Nc3 Nf6 16. Qb3 Bb7 17. Bf3 Rfd8 18. Rd1 Rd7 19. 0-0 Rad8 20. e4 g5 21. Qa4 a6 22. g3 h5 23. Bg2 g4 24. f4 Qd6 25. Qd4 c5 26. Qf2 Qe7 27. Qc2 b5 28. a3 c4 29. Kh1 Qc5 30. Qf2 Qxf2 31. Rxf2 Kg7 32. Rfd2 Ba8 33. e5 Ng8 34. d6 Bxg2+ 35. Kxg2 Nh6 36. Nd5 Nf5 37. Kf2 Kg6 38. Ne7+ 1-0